000 01072nam a22002057a 4500
999 _c62645
_d62645
003 Ge_BSU
005 20241227112023.0
008 241227s1955 ge ||||| |||| 00| 0 geo d
041 _ageo
080 _a618.3-06 უ-73
100 _aუსტიაშვილი, ა.
_924033
245 _aდახმარება გართულებული მშობიარობის შემთხვევებში :
_bდამხმ. სახელმძღვ. ექიმთათვის /
_c ა.დ. უსტიაშვილი, ა.პ. გვერდწითელი, მ.ზ. ჯინჭარაძე.
264 _aთბ. :
_bსაქმედგამი,
_c1955.
300 _a324 გვ. :
_bილ. ;
_c21 სმ.
653 _aგართულებული მშობიარობა
653 _aმედიცინა
700 _aგვერდწითელი, ა.,
_eავტორი
_924036
700 _aჯინჭარაძე, მ.,
_eავტორი
_924037
942 _2udc
_cᲬᲘᲒᲜᲘ